Las empresas multinacionales /

Guardado en:
Bibliografiske detaljer
Hovedforfatter: Villagrán Kramer, Francisco
Format: Texto
Tags: Tilføj Tag
Ingen Tags, Vær først til at tagge denne postø!

MARC

LEADER 00000 a a2200000 04500
001 45382
003
040
090 |a REV0780 (4)1977  
100 |a Villagrán Kramer, Francisco  
245 |a Las empresas multinacionales /  |c Francisco Villagrán Kramer  
773 |g número4, II Epoca, (juilo - diciembre , 1977), páginas 85-104  
999 |c 36759  |d 36759